000 00677nam a2200241Ia 4500
003 OSt
005 20221005084310.0
006 a|||||r|||| 00| 0
007 ta
008 221004b |||||||| |||| 00| 0 eng d
024 _a53170
037 _cTextual
040 _aCRL
_cCRL
_beng
041 _2eng
_aeng
082 _aR39(Y15), M8
100 _aLevesque-Lopman Louise
_9613185
245 0 _aClaiming reality
_b Phenomenology and women's experience
260 _aNew Jersey
_bRowman and Littlefield
_c1988
300 _a186p.
_ccm.
650 _aPHILOSOPHY
942 _hR39(Y15), M8
_cTEXL
_2cc
999 _c992395
_d992395